| 000 | 00789nam a2200181Ia 4500 | ||
|---|---|---|---|
| 008 | 151202s9999||||xx |||||||||||||| ||und|| | ||
| 082 | _bPNVM-124343 | ||
| 100 | _aब्रह्मे सुलभा. | ||
| 245 | _aकोकणचा विकास की विनाश ?. | ||
| 260 | _bशंकर ब्रह्मे समाजविज्ञान ग्रंथालय 129ब/2 एरंडवणे वि. म. रस्ता पुणे 411 004. | ||
| 260 | _c2008 | ||
| 300 | _a48 | ||
| 600 | _aब्रह्मे सुलभा. | ||
| 630 | _aकोकणचा विकास की विनाश ?. | ||
| 700 | _aब्रह्मे सुलभा. | ||
| 730 | _aकोकणचा विकास की विनाश ?. | ||
| 942 | _cBOOK | ||
| 999 |
_c1354471 _d1354468 |
||